000 00496nam a2200169 i 4500
001 65437
003 ES-MaACL
005 20240125063129.0
007 t|
008 040113s1967 sp ||||1| spa d
100 1 _aFreud, Sigmund,
_d1856-1939
_952547
245 1 0 _aEnsayos sobre la vida sexual y la teorĂ­a de la neurosis /
_cSigmund Freud.
260 _aMadrid :
_bAlianza,
_c1967.
300 _a231 p. ;
_c18 cm.
852 _aES-MaACL
_jC-32515
_bR.63051
999 _c65437
_d65437